000 01336nam0a2200373 4500
001 RU\NLR\bibl\1176907
005 20260405161856.0
010 _a978-5-9713-5877-0
_bАСТ Москва
010 _a978-5-17-044936-1
_bАСТ
010 _a978-5-9762-4109-1
_bХранитель
_910000
021 _aRU
_b2007-82809
_94465
035 _a(nilc)IZD\AST\2007\748085
035 _a(NLR Aleph) 001163550
090 _a1552712
_c1552712
100 _a20071026d2007 |||y0rusy50 ca
101 1 _arus
_ceng
102 _aRU
105 _ay |||||||||
200 1 _aТанец духов
_e[роман]
_fДжон Кейз
_g[пер. с англ. В. Задорожного]
210 _aМосква
_cАСТ
_cХранитель
_d2007
215 _a382 с.
_d22
225 1 _aThe International Bestseller
300 _aАвт. также на англ. яз.: John Case
686 _a0641
_aЗарубежный детектив
_2TCC-BG
686 _a84(7Сое)-44
_vLBC/PL
700 1 _4070
_8rus
_7ca
_aКейз
_bД.
_gДжон
_3RU\NLR\auth\7768278
_951206
702 1 _aЗадорожный
_bВ.
_4730
801 0 _aRU
_bЛИБНЕТ
_c20071026
801 1 _aRU
_bЦУНБ Москва
_c20071102
_2rusmarc
801 2 _aRU
_bNLR
_c20080117
_grcr
830 _aCODE_OF_LIBNET\000001637
942 _cBOOK
980 _aNB